[Event "Medellin IRT op"]
[Site "Medellin"]
[Date "2012.08.06"]
[Round "6"]
[White "Salas, Juan David"]
[Black "Cardona Munoz, Andres Felipe"]
[Result "1-0"]
[WhiteElo "2095"]
[BlackElo "1655"]
[PlyCount "71"]
[EventDate "2012.08.03"]
[EventType "swiss"]
[EventRounds "9"]
[EventCountry "COL"]
[SourceTitle "CBM 149 Extra"]
[Source "ChessBase"]
[SourceDate "2012.08.24"]
[SourceVersion "1"]
[SourceVersionDate "2012.08.24"]
[SourceQuality "1"]

1. d4 d5 2. c4 c6 3. Nf3 Nf6 4. Nc3 a6 5. cxd5 cxd5 6. Bf4 Nh5 7. Be5 Nc6 8. e3 e6 9. Bd3 Nf6 10. Bg3 Nb4 11. Be2 Be7 12. 0-0 0-0 13. Rc1 Qa5 14. a3 Nc6 15. Qb3 Nh5 16. Na4 Nxg3 17. hxg3 Bd6 18. Nc5 Rb8 19. Qd3 h6 20. b4 Qc7 21. Rc2 b5 22. Rfc1 Rb6 23. g4 Bb7 24. g5 Qe7 25. Nxb7 Qxb7 26. gxh6 gxh6 27. e4 dxe4 28. Qxe4 Ne7 29. Qg4+ Ng6 30. Bd3 Kh7 31. Ne5 Rg8 32. Bxg6+ fxg6 33. Qxe6 Qe7 34. Rc7 Bxc7 35. Qxe7+ Rg7 36. Rxc7 1-0

[Event "Medellin IRT op"]
[Site "Medellin"]
[Date "2012.08.04"]
[Round "2"]
[White "Salcedo, Diana"]
[Black "Cardona Munoz, Andres Felipe"]
[Result "1-0"]
[WhiteElo "2027"]
[BlackElo "1655"]
[PlyCount "39"]
[EventDate "2012.08.03"]
[EventType "swiss"]
[EventRounds "9"]
[EventCountry "COL"]
[SourceTitle "CBM 149 Extra"]
[Source "ChessBase"]
[SourceDate "2012.08.24"]
[SourceVersion "1"]
[SourceVersionDate "2012.08.24"]
[SourceQuality "1"]

1. c4 Nf6 2. Nc3 d5 3. d4 c6 4. e3 a6 5. Nf3 b5 6. b3 Bf5 7. Bd3 Bxd3 8. Qxd3 Nbd7 9. e4 dxe4 10. Nxe4 e6 11. 0-0 Be7 12. Nxf6+ Bxf6 13. Qe4 Qb6 14. Be3 Qb7 15. Ne5 Bxe5 16. dxe5 0-0 17. f4 Rfe8 18. Rad1 a5 19. cxb5 Nb8 20. a4 1-0